00536nam a2200169 a 450000100100000000500170001000800410002704000250006808200200009310000300011324500680014326000570021130000280026865000200029665000220031670000280033800001474220240502094959.0100119s1987 cu 000 j spa d aDO-SdBNPbspacBNPHU aCu863.44bC355f1 aCastro, Fideld 1926-201613aLa fortaleza conquistada /cFidel Castro Ruz; Patricia Semidey. aLa Habana, (Cuba) :bEditora Abril de la UJC,c1987. a101 P. :bil. ;c22 cm. 4aCuentos cubanos 4aLiteratura cubana1 aSemidey, Patricia,eed.